Live from New York Quiz Stats

Quiz not verified by Sporcle

Also try: Television Sixes
Challenge
Share
Tweet
Embed
Score 0/50 Timer 10:00
0 Plays Today
Question Answer Wrong Answers
Who created and played The Church Lady? Dana Carvey
96.2%
Mike Myers
1.9%
Phil Hartman
0%
Jon Lovitz
0%
What did Sinéad O'Connor do to be permanently banned from appearing on SNL? Tore up a picture of the Pope to protest the Catholic Church
96.2%
Ad-libbed in all her sketches
0%
Sang the wrong song
0%
Appeared naked on stage
0%
What politician was Tina Fey impersonating when she said 'I can see Russia from my house'? Sarah Palin
94.3%
Hillary Clinton
0%
Sean Spicer
0%
Nancy Pelosi
0%
Who played The Spartan Cheerleaders? Will Ferrell and Cheri Oteri
92.5%
Chris Kattan and Amy Poehler
0%
Jimmy Fallon and Tina Fey
1.9%
Chris Farley and David Spade
0%
Whose life of 'La-de-freakin'-da!' led to living in a van down by the river? Matt Foley, Motivational Speaker
92.5%
Wayne Campbell, Local TV celebrity
1.9%
Prymaat, Citizen of France
0%
Pat, Ambiguous Individual
1.9%
Who played the Samurai (Futaba)? John Belushi
92.5%
Dan Ackroyd
1.9%
Chris Farley
1.9%
John Candy
0%
Who played Mary Katherine Gallagher? Molly Shannon
92.5%
Rachel Dratch
0%
Kristin Wiig
1.9%
Gilda Radnor
0%
Which two cast members did memorable impressions of President Bush? Dana Carvey and Will Ferrell
90.6%
Chevy Chase and Bill Murray
0%
Phil Hartman and Darrell Hammond
5.7%
Mike Myers and Seth Meyers
0%
In a famous sketch who auditioned for a job as a Chippendale's dancers? Chris Farley and Patrick Swayze
90.6%
John Belushi and John Travolta
3.8%
Horatio Sanz and Derek Hough
0%
The DeMarco Brothers
1.9%
While hosting the show, Steve Martin led the cast and musical crew in a performance of what song? King Tut
90.6%
Lunchlady Land
1.9%
Shy Ronnie
0%
I'm on a Boat
0%
Which Seinfeld actor was an SNL cast member in the 1980s? Julia Louis-Dreyfus
90.6%
Michael Richards
3.8%
Jason Alexander
1.9%
Jerry Seinfeld
0%
What is the full name of Will Forte's special operations top secret agent? MacGruber MacGyver
88.7%
The Periwinkle Panther
0%
Sgt Joe Friday, Jr
1.9%
Inspector Gaggit
3.8%
What may strike at any place, any time, is capable of disguising its voice, and generally preys on young, single women? Land Shark
86.8%
Mr. Bill
1.9%
Ambiguous Gay Duo
3.8%
Toonces the Driving Cat
3.8%
Who played Baba Wawa? Gilda Radnor
86.8%
Mike Myers
5.7%
Maya Rudolph
1.9%
Kristin Wiig
0%
Who played Debbie Downer? Rachel Dratch
86.8%
Molly Shannon
1.9%
Cheri Oteri
1.9%
Sarah Silverman
3.8%
Who starred in Mr. Robinson's Neighborhood? Eddie Murphy
86.8%
David Spade
1.9%
Gilda Radnor
1.9%
Darrell Hammond
3.8%
The Richmeister - makin' copies - played by who? Rob Schneider
86.8%
Adam Sandler
5.7%
Bill Murray
1.9%
Billy Crystal
1.9%
Coneheads Prymaat and Beldar were played by Jane Curtain and Dan Aykroyd - who played their teenage daughter? Laraine Newman
86.8%
Bill Murray
0%
Gilda Radnor
5.7%
Julia Louis-Dreyfus
1.9%
What was Stuart Smalley's famous tag line? 'I'm good enough, I'm smart enough, and doggone it — people like me!'
86.8%
'I love and approve of myself even though I'm a bad boy.'
0%
'It's okay to eat the whole box of chocolate if it makes you happy inside.'
3.8%
'A good ho will meet people, make cash money and have lots and lots of sex'
3.8%
Which sketch featured Pete Schweddy's Balls? The Delicious Dish
86.8%
Shopping at Home Network
5.7%
Wayne's World
0%
Stuart Smalley
1.9%
Who played Unfrozen Caveman Lawyer? Phil Hartman
84.9%
Jon Lovitz
5.7%
Dana Carvey
3.8%
Christopher Walken
0%
Who were the Festrunk Brothers? Two wild and crazy guys!
84.9%
Bassomatic Manufacturers
5.7%
Rivals of the Blues Brothers
5.7%
The Original SNL Band
0%
Which actor from the original cast left in the middle of the second season and was replaced by Bill Murray? Chevy Chase
83%
Billy Crystal
7.5%
Dan Aykroyd
1.9%
John Belushi
1.9%
What's the main dish at the Olympia Café? Cheeburger, chips and Pepsi (no coke)
83%
Schweddy Balls
3.8%
Almost Pizza
1.9%
John Hamm's John Ham
3.8%
What was the catch phrase of Jon Lovitz's Pathological Liar? Yeah, yeah, that's the ticket!
83%
I'm Gumby, dammit!
1.9%
I'm getting a little verclempt..
5.7%
Acting!
5.7%
Jan Hooks and Nora Dunn teamed up to play: The Sweeney Sisters
83%
Sarah Palin and Hillary Clinton
0%
The Ex-Porn Stars
5.7%
The hosts of 'The Delicious Dish'
5.7%
Who played Gene Frenkel, Cowbell King, rocking the studio with Blue Oyster Cult? Will Ferrell
81.1%
Bill Murray
1.9%
Chris Farley
1.9%
John Belushi
9.4%
What was the title of a recurring sketch featuring cartoons created by SNL writer Robert Smigel? Saturday TV Funhouse
79.2%
Crackerjack Palace
1.9%
The Mr Bill Show
13.2%
Wayne's World
0%
Who left SNL in 2003 and returned to host in 2009 and reprised his roles as Brian Fellow and Astronaut Jones? Tracy Morgan
79.2%
Jimmy Fallon
15.1%
Seth Meyers
0%
Jason Sudeikis
1.9%
Which character is responsible for such classic hits as 'Donde es schlongo?' and 'Oh solo Mia, Mia solo! Soon-Yi incesta, Woody addio!' Operaman
77.4%
Unfrozen Caveman Lawyer
1.9%
Olya Povlatsky
7.5%
The Master Thespian
9.4%
Playing Nick the Lounge Singer, whose rendition of the Star Wars theme brought down the house? Bill Murray
77.4%
Will Ferrell
3.8%
Jimmy Fallon
7.5%
Dennis Miller
7.5%
Dieter, the black-clad German host of Sprockets, was known to invite his guests to touch his what? Monkey
75.5%
Banana
9.4%
Wall of Unhappiness
5.7%
Paint brush
3.8%
Who was fired from SNL for making jokes on Weekend Update critical of OJ Simpson's acquittal on murder charges? Norm Macdonald
75.5%
Dennis Miller
17%
Chris Farley
3.8%
Horatio Sanz
1.9%
Who played Zazu and Sully on The Boston Teens? Rachel Dratch and Jimmy Fallon
75.5%
Cheri Oteri and Will Ferrell
11.3%
Tina Fey and Horatio Sanz
3.8%
Kate Hudson and Ben Affleck
5.7%
Who played Irwin Mainway, seller of classic kids toys like 'Mr. Skin Grafter,' 'Bag O' Glass' and 'General Trahn's Secret Police Confession Kit'? Dan Aykroyd
73.6%
John Belushi
11.3%
Bill Murray
5.7%
Chevy Chase
3.8%
Which Mike Myers character said 'She has legs to die for. They're like buttah. The left one is salted and the right one is courtesy of Land O' Lakes' ? Linda Richman
73.6%
Phillip
1.9%
Dieter
5.7%
Wayne Campbell
9.4%
What was the original title of Saturday Night Live? NBC's Saturday Night
69.8%
Saturday Night in New York City
11.3%
Late Night Saturday
5.7%
Saturday Night on NBC
7.5%
Why did Nat X always count down a Top Five list? Because The Man was afraid to let him have a Top Ten list
66%
Because he didn't have time for such foolishness
0%
Because the Jacksons only had 5 and that's good enough for him
24.5%
Because the network needs time for The Man's commercials
1.9%
Who said 'It's always something'? Roseanne Rosannadanna
64.2%
Father Guido Sarducci
15.1%
MacGruber
3.8%
Mr. Bill
11.3%
Characters Thad, Billian and Givindy were part of the crew of what show? Gays in Space
64.2%
Pigs in Space
20.8%
Lost in Space
5.7%
Power Rangers in Space
7.5%
Who teamed up to host Meet Your Second Wife? Tina Fey and Amy Poehler
64.2%
Melissa McCarthy and Kristen Wiig
17%
Maya Rudolph and Ana Gasteyer
7.5%
Rachel Dratch and Molly Shannon
5.7%
On which recurring sketch did Billy Crystal frequently say 'You look Mahvelous' Fernando's Hideaway
62.3%
The Joe Franklin Show
18.9%
Willie and Frankie
9.4%
Ex-Porn Stars
3.8%
Who delivered the classic line, 'Beisbol been berry, berry good to me!' Garrett Morris
62.3%
Don Novello
7.5%
Bill Murray
1.9%
Joe Piscopo
22.6%
Who had the longest tenure as host and/or co-host of Weekend Update? Seth Meyers
58.5%
Tina Fey
13.2%
Dennis Miller
22.6%
Jane Curtain
0%
Which two cast members were part of Gemini's Twin? Ana Gasteyer and Maya Rudolph
54.7%
Rachel Dratch and Cheri Oteri
13.2%
Molly Shannon and Kristin Wiig
7.5%
Amy Poehler and Tina Fey
18.9%
What's the name of Kate McKinnon's desperate, late-night barfly? Sheila Sovage
49.1%
Kellyanne Conway
7.5%
Debette Goldry
34%
Mrs Rafferty
7.5%
Who played Onski and his pal B-Fats? Chris Rock and Chris Farley
49.1%
Tom Davis and Al Franken
11.3%
Eddie Murphy and Joe Piscopo
26.4%
Billy Crystal and Christopher Guest
9.4%
Which early SNL character pre-dates the show? Father Guido Sarducci
45.3%
Emily Litella
1.9%
Mr Bill
39.6%
Samurai Futaba
5.7%
Barb Kellner, played by Melissa McCarthy, applied for a bank loan to start what kind of business? Leftover pizza-eating business
39.6%
Used-Taters-for-Tots Charity
34%
Sean Spicer School for Public Speaking
11.3%
Game Show start-ups
11.3%
Who played the Two A-Holes? Jason Sudeikis and Kristen Wiig
37.7%
Andy Samberg and Chris Parnell
35.8%
Kate McKinnon and Abby Elliot
0%
Eddie Murphy and Joe Piscopo
20.8%

You're not logged in!

Compare scores with friends on all Sporcle quizzes.
Join for Free
OR
Log In

You Might Also Like...

Show Comments

Extras

Top Quizzes Today


Score Distribution

Your Account Isn't Verified!

In order to create a playlist on Sporcle, you need to verify the email address you used during registration. Go to your Sporcle Settings to finish the process.

Report this User

Report this user for behavior that violates our Community Guidelines.

Details: